00462nam a22001697a 450000500170000000800410001702000180005802200150007604100120009108200120010310000120011524500570012725000180018426000340020230000300023665000260026620240924081941.0240924b |||||||| |||| 00| 0 eng d a9780639002729 a0409004480 aEnglish a349 JOU lEnglish aThe Law of South Africa / cWA Joubert and JA Faris  aThird Edition aDurban: bLexisNexis, c2018  bvii, 285 pages; c26 cm.  aLegal practice bLaw